00445nam a2200181 a 4500001001300000003000900013005001700022008004100039020001000080082001700090100001500107245003800122260003300160300000900193500003500202650001100237700001500248nice12345678IN_TiNIC20260116011451.0070828s1952 para grp 000 0 fre  ac10000a297.124bBER aBercher, L aEtudes Sur La Tradition Islamique aParis bNo Publishers c1952 a355p aincludes index and biblioraphy aHadith1 aBercher, L